[Event "Sunnyvale Silicon Valley Fall op"]
[Site "Sunnyvale"]
[Date "2023.09.04"]
[Round "9"]
[White "Bick, Gabriel James"]
[Black "Liang, Jason"]
[Result "0-1"]
[WhiteElo "2370"]
[BlackElo "2450"]
[PlyCount "113"]
[EventDate "2023.08.31"]
[EventType "swiss"]
[EventRounds "9"]
[EventCountry "USA"]
[SourceTitle "EXT 2024"]
[Source "ChessBase"]
[SourceDate "2023.10.10"]
[SourceVersion "1"]
[SourceVersionDate "2023.10.10"]
[SourceQuality "1"]

1. e4 c6 2. Nf3 d5 3. Nc3 Bg4 4. h3 Bxf3 5. Qxf3 e6 6. Be2 Bc5 7. 0-0 Nd7 8. Rd1 d4 9. Nb1 Ne5 10. Qg3 d3 11. Bxd3 Nxd3 12. Qxd3 Qxd3 13. cxd3 0-0-0 14. Kf1 Ne7 15. d4 Bxd4 16. d3 Bb6 17. Ke2 Ng6 18. Be3 Rd7 19. Nd2 Rhd8 20. Nf3 h6 21. Rac1 f6 22. Rc3 e5 23. b4 Kb8 24. Rb1 Nf8 25. Ra3 Ne6 26. g3 Bd4 27. Bxd4 Nxd4+ 28. Nxd4 Rxd4 29. Rc3 Kc7 30. Ke3 g5 31. b5 R8d6 32. Rbc1 Ra4 33. R1c2 Kb6 34. bxc6 Rxc6 35. Rxc6+ bxc6 36. Rb2+ Kc5 37. Rc2+ Kd6 38. f4 c5 39. fxe5+ fxe5 40. Rf2 Ra3 41. Rf6+ Kd7 42. Rxh6 c4 43. Kd2 Rxd3+ 44. Kc2 Rxg3 45. h4 gxh4 46. Rxh4 Kd6 47. Rh7 a5 48. Ra7 Kc5 49. Rxa5+ Kd4 50. Rd5+ Kxe4 51. Rd1 Rd3 52. Ra1 Kd4 53. a4 e4 54. Rh1 Ra3 55. Rd1+ Ke3 56. Re1+ Kf3 57. Kb2 0-1

[Event "Los Angeles 1000GM Spring op"]
[Site "Los Angeles"]
[Date "2023.03.17"]
[Round "1"]
[White "Bick, Gabriel James"]
[Black "Atwell, Rose"]
[Result "1-0"]
[WhiteElo "2391"]
[BlackElo "2024"]
[PlyCount "43"]
[EventDate "2023.03.17"]
[EventType "swiss"]
[EventRounds "9"]
[EventCountry "USA"]
[SourceTitle "CBM 213 Extra"]
[Source "ChessBase"]
[SourceDate "2023.05.31"]
[SourceVersion "1"]
[SourceVersionDate "2023.05.31"]
[SourceQuality "1"]

1. e4 c6 2. Nf3 d5 3. d3 Qc7 4. Nc3 dxe4 5. dxe4 e5 6. Bc4 b5 7. Bb3 h6 8. a4 b4 9. Nb5 cxb5 10. Bd5 Bb7 11. Nxe5 Bxd5 12. Qxd5 Nf6 13. Qxa8 Qxe5 14. Qb7 Bd6 15. Qc8+ Ke7 16. Qxh8 Qxe4+ 17. Be3 Nbd7 18. 0-0-0 b3 19. Qc8 Qxa4 20. cxb3 Qxb3 21. Rhe1 Ne4 22. Rxd6 1-0

[Event "Titled Tuesday intern op 02nd Aug Late"]
[Site "Chess.com INT"]
[Date "2022.08.02"]
[Round "2"]
[White "Samarth, J Rao"]
[Black "Bick, Gabriel James"]
[Result "0-1"]
[WhiteElo "1664"]
[BlackElo "2391"]
[PlyCount "86"]
[EventDate "2022.08.02"]
[EventType "swiss (blitz)"]
[EventRounds "11"]
[EventCountry "USA"]
[SourceTitle "EXT 2023"]
[Source "ChessBase"]
[SourceDate "2022.10.05"]
[SourceVersion "1"]
[SourceVersionDate "2022.10.05"]
[SourceQuality "1"]

1. d4 Nf6 2. c4 e6 3. Nc3 d5 4. cxd5 exd5 5. Bg5 c6 6. e3 h6 7. Bh4 Be7 8. Qc2 0-0 9. Bd3 Re8 10. f3 c5 11. Nge2 Nc6 12. dxc5 Bxc5 13. Bxf6 Qxf6 14. Nxd5 Qd6 15. e4 Be6 16. Rc1 Nb4 17. Nxb4 Bxb4+ 18. Nc3 Red8 19. Be2 Qd4 20. a3 Bc5 21. Nd1 Rac8 22. Qb1 Qd2+ 23. Kf1 Bb3 24. g3 Bxd1 25. Rxd1 Qe3 26. Rxd8+ Rxd8 27. Qe1 Rd2 28. b4 Bb6 29. h4 Bd4 30. b5 Bb6 31. a4 Bd4 32. a5 Bc5 33. a6 bxa6 34. bxa6 Bb6 35. g4 Bc5 36. g5 h5 37. f4 Bb6 38. f5 Kf8 39. g6 f6 40. e5 fxe5 41. f6 Qf4+ 42. Kg2 Qe4+ 43. Kf1 Qxh1# 0-1

[Event "Bay Area op"]
[Site "Burlingame"]
[Date "2019.01.07"]
[Round "9"]
[White "Hilby, Craig"]
[Black "Bick, Gabriel James"]
[Result "1/2-1/2"]
[WhiteElo "2445"]
[BlackElo "2381"]
[PlyCount "23"]
[EventDate "2019.01.01"]
[EventType "swiss"]
[EventRounds "9"]
[EventCountry "USA"]
[SourceTitle "CBM 188 Extra"]
[Source "ChessBase"]
[SourceDate "2019.02.26"]
[SourceVersion "1"]
[SourceVersionDate "2019.02.26"]
[SourceQuality "1"]

1. e4 e5 2. Nf3 Nc6 3. Nc3 Nf6 4. Bb5 Bc5 5. 0-0 0-0 6. Nxe5 Nxe5 7. d4 Bd6 8. f4 Nc6 9. e5 Be7 10. d5 Bc5+ 11. Kh1 Nxd5 12. Qxd5 1/2-1/2

[Event "Bay Area op"]
[Site "Burlingame"]
[Date "2019.01.03"]
[Round "4"]
[White "Bick, Gabriel James"]
[Black "Mishra, Abhimanyu"]
[Result "1/2-1/2"]
[WhiteElo "2381"]
[BlackElo "2120"]
[PlyCount "73"]
[EventDate "2019.01.01"]
[EventType "swiss"]
[EventRounds "9"]
[EventCountry "USA"]
[SourceTitle "CBM 188 Extra"]
[Source "ChessBase"]
[SourceDate "2019.02.26"]
[SourceVersion "1"]
[SourceVersionDate "2019.02.26"]
[SourceQuality "1"]

1. e4 c5 2. Nf3 e6 3. d4 cxd4 4. Nxd4 Nc6 5. Nc3 Qc7 6. f4 a6 7. Nxc6 Qxc6 8. Bd3 b5 9. Qe2 Bb7 10. Bd2 Be7 11. a3 Nf6 12. e5 Nd5 13. Be4 0-0 14. Rf1 f5 15. Nxd5 exd5 16. Bd3 d4 17. Rg1 Qd5 18. Qh5 Qe6 19. Kf2 Be4 20. Qe2 Bxd3 21. Qxd3 Rac8 22. Rgd1 Rc6 23. Kf1 Rfc8 24. Rac1 Bc5 25. Be1 d6 26. exd6 Qxd6 27. Bd2 Qd5 28. Re1 Bd6 29. c3 Qc4 30. Qxc4+ Rxc4 31. cxd4 Rxc1 32. Rxc1 Rxc1+ 33. Bxc1 Kf7 34. b3 Ke6 35. Ke2 Kd5 36. Kd3 g6 37. h3 1/2-1/2

[Event "Bay Area op"]
[Site "Burlingame"]
[Date "2019.01.02"]
[Round "2"]
[White "Bick, Gabriel James"]
[Black "Chandra, Akshat"]
[Result "1/2-1/2"]
[WhiteElo "2381"]
[BlackElo "2492"]
[PlyCount "84"]
[EventDate "2019.01.01"]
[EventType "swiss"]
[EventRounds "9"]
[EventCountry "USA"]
[SourceTitle "CBM 188 Extra"]
[Source "ChessBase"]
[SourceDate "2019.02.26"]
[SourceVersion "1"]
[SourceVersionDate "2019.02.26"]
[SourceQuality "1"]

1. e4 c5 2. Nf3 d6 3. Bb5+ Bd7 4. Bxd7+ Nxd7 5. 0-0 Ngf6 6. Qe2 e6 7. b3 Be7 8. Bb2 0-0 9. c4 a6 10. d4 cxd4 11. Nxd4 Re8 12. Nc3 Rc8 13. Rad1 Qa5 14. f4 Bf8 15. Kh1 e5 16. Nf5 Re6 17. fxe5 dxe5 18. g4 h6 19. h4 Rd8 20. g5 hxg5 21. hxg5 Nh7 22. Rd5 Qc7 23. Qd2 g6 24. Rd1 gxf5 25. exf5 Ree8 26. Rxd7 Rxd7 27. Qxd7 Qxd7 28. Rxd7 Nxg5 29. Nd5 Kg7 30. Rxb7 Bc5 31. Kg2 Bd4 32. Nc7 Rd8 33. Bc1 Kf6 34. Nd5+ Kxf5 35. Bxg5 Kxg5 36. Rxf7 Rg8 37. Ne7 Rd8 38. Nd5 Rg8 39. b4 Rc8 40. c5 a5 41. a3 axb4 42. axb4 Bxc5 1/2-1/2

[Event "Bay Area op"]
[Site "Burlingame"]
[Date "2019.01.01"]
[Round "1"]
[White "MacKenzie, Dana N"]
[Black "Bick, Gabriel James"]
[Result "0-1"]
[WhiteElo "2012"]
[BlackElo "2381"]
[PlyCount "68"]
[EventDate "2019.01.01"]
[EventType "swiss"]
[EventRounds "9"]
[EventCountry "USA"]
[SourceTitle "CBM 188 Extra"]
[Source "ChessBase"]
[SourceDate "2019.02.26"]
[SourceVersion "1"]
[SourceVersionDate "2019.02.26"]
[SourceQuality "1"]

1. e4 e5 2. f4 exf4 3. Bc4 Qh4+ 4. Kf1 d6 5. d4 Be6 6. Bb3 Nf6 7. Nf3 Qh6 8. Nc3 Nbd7 9. Qd3 0-0-0 10. Qb5 Re8 11. Qg5 Bxb3 12. axb3 Qxg5 13. Nxg5 h6 14. Nxf7 Rh7 15. e5 dxe5 16. Nxe5 Nxe5 17. dxe5 Rxe5 18. Rxa7 Bc5 19. Ra8+ Kd7 20. Na4 Bb4 21. Kf2 g5 22. Rd1+ Bd6 23. c4 Kc6 24. Bd2 Rhe7 25. b4 b6 26. Bc3 Ng4+ 27. Kg1 Re2 28. Ra7 Ne3 29. b5+ Kd7 30. Rxd6+ Kxd6 31. Bb4+ Ke6 32. Bxe7 Rxg2+ 33. Kh1 Rc2 34. Kg1 f3 0-1

[Event "Berkeley Summer GM"]
[Site "Berkeley"]
[Date "2018.08.20"]
[Round "6"]
[White "Yoo, Christopher Woojin"]
[Black "Bick, Gabriel James"]
[Result "1/2-1/2"]
[WhiteElo "2378"]
[BlackElo "2391"]
[PlyCount "104"]
[EventDate "2018.08.17"]
[EventType "tourn"]
[EventRounds "9"]
[EventCountry "USA"]
[EventCategory "8"]
[SourceTitle "CBM 186 Extra"]
[Source "ChessBase"]
[SourceDate "2018.08.24"]
[SourceVersion "1"]
[SourceVersionDate "2018.08.24"]
[SourceQuality "1"]

1. e4 c5 2. Nf3 d6 3. d4 cxd4 4. Nxd4 Nf6 5. Nc3 a6 6. f3 e5 7. Nb3 Be6 8. Be3 h5 9. Qd2 Nbd7 10. Nd5 Bxd5 11. exd5 g6 12. Be2 Bg7 13. 0-0 b6 14. c4 0-0 15. Rac1 Re8 16. h3 Nh7 17. Na1 Bf6 18. Bd1 Bg5 19. Ba4 b5 20. cxb5 axb5 21. Bxb5 Rxa2 22. Rc2 Bxe3+ 23. Qxe3 Nhf6 24. Bc6 Qa5 25. b4 Qa3 26. Qxa3 Rxa3 27. Bxd7 Nxd7 28. Rc6 Kf8 29. Rxd6 Ke7 30. Rc6 Rd3 31. Nc2 Rxd5 32. Ne3 Rd2 33. Nc4 Rd5 34. Ra1 Rb8 35. Ra5 Rd1+ 36. Kh2 f6 37. Ne3 Rd6 38. Nd5+ Ke6 39. Nc7+ Ke7 40. Raa6 Rxc6 41. Rxc6 Kf7 42. Nd5 f5 43. Rd6 Nf8 44. Rf6+ Kg7 45. Ra6 h4 46. g3 Rd8 47. Ra5 hxg3+ 48. Kxg3 Kh6 49. Nb6 Rd4 50. Rxe5 Rxb4 51. Nd5 Rb5 52. Re8 Rxd5 1/2-1/2

[Event "American Continental 14th"]
[Site "Montevideo"]
[Date "2018.06.10"]
[Round "11"]
[White "Bick, Gabriel James"]
[Black "Mesias Rojas, Rabindranath"]
[Result "1-0"]
[WhiteElo "2391"]
[BlackElo "2203"]
[PlyCount "61"]
[EventDate "2018.06.01"]
[EventType "swiss"]
[EventRounds "11"]
[EventCountry "URU"]
[SourceTitle "CBM 184 Extra"]
[Source "ChessBase"]
[SourceDate "2018.06.28"]
[SourceVersion "1"]
[SourceVersionDate "2018.06.28"]
[SourceQuality "1"]

1. e4 c5 2. Nf3 Nf6 3. e5 Nd5 4. Nc3 Nxc3 5. dxc3 Nc6 6. Bf4 Qb6 7. Qc1 e6 8. Be2 Be7 9. h4 h6 10. Rh3 Qc7 11. Rg3 Bf8 12. Qe3 b6 13. c4 Bb7 14. h5 0-0-0 15. 0-0-0 Na5 16. b3 Nc6 17. Kb2 g5 18. hxg6 fxg6 19. Rxg6 Ne7 20. Rf6 Nf5 21. Rxf5 exf5 22. Nh4 Bg7 23. Kc1 d6 24. exd6 Qf7 25. Bd3 Qf6 26. Nxf5 Qb2+ 27. Kd2 Kb8 28. Nxg7 Qxg7 29. Be5 Qxg2 30. d7+ Ka8 31. Bxh8 1-0

[Event "American Continental 14th"]
[Site "Montevideo"]
[Date "2018.06.09"]
[Round "10"]
[White "Cruz, Cristhian"]
[Black "Bick, Gabriel James"]
[Result "1-0"]
[WhiteElo "2576"]
[BlackElo "2391"]
[PlyCount "81"]
[EventDate "2018.06.01"]
[EventType "swiss"]
[EventRounds "11"]
[EventCountry "URU"]
[SourceTitle "CBM 184 Extra"]
[Source "ChessBase"]
[SourceDate "2018.06.28"]
[SourceVersion "1"]
[SourceVersionDate "2018.06.28"]
[SourceQuality "1"]

1. d4 d5 2. c4 e6 3. Nc3 Nf6 4. cxd5 exd5 5. Bg5 c6 6. e3 Be7 7. Qc2 Nbd7 8. Bd3 h6 9. Bh4 Nh5 10. Bxe7 Qxe7 11. Nf3 Nf4 12. Bf1 0-0 13. g3 Ne6 14. Bg2 Re8 15. 0-0 Ng5 16. Nxg5 Qxg5 17. b4 a6 18. a4 Nf6 19. b5 Bf5 20. Qd2 a5 21. Rfc1 h5 22. bxc6 bxc6 23. Ne2 Ne4 24. Qe1 Qh6 25. h4 g5 26. f3 Nd6 27. Rxc6 Rxe3 28. Qd2 Rae8 29. hxg5 Qxg5 30. Rxd6 Qe7 31. Rxd5 Rxe2 32. Qf4 Bg6 33. Bf1 Qe3+ 34. Qxe3 R2xe3 35. Rxa5 Rxf3 36. Rg5 Rd8 37. a5 Kg7 38. a6 f6 39. Bg2 Rc3 40. Rc5 Rxg3 41. Kf2 1-0

[Event "Fagernes TV2 GM op"]
[Site "Fagernes"]
[Date "2018.03.29"]
[Round "6"]
[White "Bick, Gabriel James"]
[Black "Narva, Mai"]
[Result "0-1"]
[WhiteElo "2416"]
[BlackElo "2314"]
[PlyCount "68"]
[EventDate "2018.03.25"]
[EventType "swiss"]
[EventRounds "9"]
[EventCountry "NOR"]
[SourceTitle "CBM 183 Extra"]
[Source "ChessBase"]
[SourceDate "2018.04.19"]
[SourceVersion "1"]
[SourceVersionDate "2018.04.19"]
[SourceQuality "1"]

1. e4 c5 2. Nf3 Nc6 3. d4 cxd4 4. Nxd4 Nf6 5. Nc3 d6 6. f3 e5 7. Nb3 Be7 8. Be3 0-0 9. Qd2 a5 10. Bb5 Na7 11. Bxa7 Rxa7 12. 0-0-0 Be6 13. Kb1 Qc7 14. g4 Rd8 15. a4 Raa8 16. Nd5 Nxd5 17. exd5 Bd7 18. Qd3 Bxb5 19. Qxb5 Rdc8 20. c3 Ra6 21. Nd2 Rb6 22. Qd3 Qxc3 23. Qxc3 Rxc3 24. Rc1 Rd3 25. Rc8+ Bf8 26. Ne4 Rxf3 27. Ng5 Rf2 28. Ka1 Rbxb2 29. Rd8 Ra2+ 30. Kb1 g6 31. Ne4 Rfb2+ 32. Kc1 Kg7 33. Rf1 Rb4 34. Ng3 Be7 0-1

[Event "Fagernes TV2 GM op"]
[Site "Fagernes"]
[Date "2018.03.25"]
[Round "1"]
[White "Ingebretsen, Jens E"]
[Black "Bick, Gabriel James"]
[Result "0-1"]
[WhiteElo "2132"]
[BlackElo "2416"]
[PlyCount "62"]
[EventDate "2018.03.25"]
[EventType "swiss"]
[EventRounds "9"]
[EventCountry "NOR"]
[SourceTitle "CBM 183 Extra"]
[Source "ChessBase"]
[SourceDate "2018.04.19"]
[SourceVersion "1"]
[SourceVersionDate "2018.04.19"]
[SourceQuality "1"]

1. e4 c5 2. Nf3 e6 3. d4 cxd4 4. Nxd4 Nc6 5. Nc3 Qc7 6. g3 a6 7. Bg2 Nf6 8. 0-0 d6 9. Re1 Nd7 10. Nde2 b5 11. b3 Be7 12. Bb2 Bb7 13. Nf4 Nf6 14. Nh5 Nxh5 15. Qxh5 Bf6 16. Rad1 0-0 17. Kh1 Ne7 18. Re3 b4 19. Na4 Bxb2 20. Nxb2 Qxc2 21. Nc4 d5 22. Na5 Qxf2 23. Re2 Qb6 24. Nxb7 Qxb7 25. exd5 Qb5 26. Qe5 Nxd5 27. Bxd5 Rad8 28. Red2 Rfe8 29. Qh5 exd5 30. Rxd5 Rxd5 31. Qxd5 Re1+ 0-1

[Event "Reykjavik op"]
[Site "Reykjavik"]
[Date "2018.03.07"]
[Round "2"]
[White "Bick, Gabriel James"]
[Black "Gledura, Benjamin"]
[Result "1/2-1/2"]
[WhiteElo "2416"]
[BlackElo "2632"]
[PlyCount "60"]
[EventDate "2018.03.06"]
[EventType "swiss"]
[EventRounds "9"]
[EventCountry "ISL"]
[SourceTitle "CBM 183 Extra"]
[Source "ChessBase"]
[SourceDate "2018.04.19"]
[SourceVersion "1"]
[SourceVersionDate "2018.04.19"]
[SourceQuality "1"]

1. e4 e5 2. Nf3 Nc6 3. Bc4 Bc5 4. 0-0 Nf6 5. d3 d6 6. c3 a5 7. Nbd2 0-0 8. h3 Bd7 9. a4 Ne7 10. Re1 c6 11. d4 exd4 12. cxd4 Bb4 13. Bb3 d5 14. e5 Ne8 15. Re2 Nc7 16. Nf1 Ne6 17. Ng3 Ng6 18. Nh5 Nh4 19. Nf6+ gxf6 20. Nxh4 fxe5 21. Nf5 e4 22. Rxe4 dxe4 23. Bxe6 Kh8 24. Qg4 Rg8 25. Qxe4 Bxe6 26. Qe5+ f6 27. Qxe6 Rg6 28. Nh4 Rg8 29. Nf5 Rg6 30. Nh4 Rg8 1/2-1/2

[Event "Reykjavik op"]
[Site "Reykjavik"]
[Date "2018.03.07"]
[Round "3"]
[White "Can, Emre"]
[Black "Bick, Gabriel James"]
[Result "1-0"]
[WhiteElo "2603"]
[BlackElo "2416"]
[PlyCount "57"]
[EventDate "2018.03.06"]
[EventType "swiss"]
[EventRounds "9"]
[EventCountry "ISL"]
[SourceTitle "CBM 183 Extra"]
[Source "ChessBase"]
[SourceDate "2018.04.19"]
[SourceVersion "1"]
[SourceVersionDate "2018.04.19"]
[SourceQuality "1"]

1. d4 Nf6 2. c4 g6 3. Nc3 Bg7 4. e4 d6 5. Nf3 0-0 6. h3 e5 7. d5 a5 8. Bg5 Na6 9. Be2 Qe8 10. Nd2 Nd7 11. g4 Ndc5 12. Rg1 Kh8 13. a3 Bd7 14. Qc2 c6 15. h4 Rc8 16. h5 gxh5 17. gxh5 f5 18. 0-0-0 fxe4 19. Ndxe4 cxd5 20. h6 dxe4 21. hxg7+ Kxg7 22. Rxd6 Kh8 23. Bf6+ Rxf6 24. Rxf6 Qd8 25. Rh6 Qf8 26. Rgh1 Qf4+ 27. Kb1 Bf5 28. Nd5 Qg5 29. R6h5 1-0

[Event "Djenovici TS02 GM"]
[Site "Djenovici"]
[Date "2018.02.17"]
[Round "1"]
[White "Bick, Gabriel James"]
[Black "Dizdarevic, Emir"]
[Result "1-0"]
[WhiteElo "2403"]
[BlackElo "2461"]
[PlyCount "47"]
[EventDate "2018.02.17"]
[EventType "tourn"]
[EventRounds "9"]
[EventCountry "MNE"]
[EventCategory "6"]
[SourceTitle "CBM 183 Extra"]
[Source "ChessBase"]
[SourceDate "2018.04.19"]
[SourceVersion "1"]
[SourceVersionDate "2018.04.19"]
[SourceQuality "1"]

1. e4 c6 2. d4 d5 3. e5 c5 4. dxc5 e6 5. a3 Bxc5 6. b4 Bb6 7. Nf3 a5 8. b5 Nd7 9. Bd3 Ne7 10. a4 Ng6 11. Bxg6 fxg6 12. c4 Qc7 13. cxd5 Nxe5 14. 0-0 0-0 15. Ra3 Nxf3+ 16. Rxf3 Rxf3 17. Qxf3 exd5 18. Nc3 Be6 19. Nxd5 Bxf2+ 20. Kh1 Qd7 21. Nf4 Rf8 22. Rd1 Qc8 23. Ba3 Rf5 24. Qxf2 1-0

[Event "Budapest FS02 GM"]
[Site "Budapest"]
[Date "2018.02.07"]
[Round "5"]
[White "Bick, Gabriel James"]
[Black "Navalgund, Niranjan"]
[Result "1/2-1/2"]
[WhiteElo "2403"]
[BlackElo "2270"]
[PlyCount "151"]
[EventDate "2018.02.03"]
[EventType "tourn"]
[EventRounds "9"]
[EventCountry "HUN"]
[EventCategory "7"]
[SourceTitle "CBM 182 Extra"]
[Source "ChessBase"]
[SourceDate "2018.02.23"]
[SourceVersion "1"]
[SourceVersionDate "2018.02.23"]
[SourceQuality "1"]

1. e4 c5 2. Nf3 Nc6 3. d4 cxd4 4. Nxd4 e5 5. Nb5 d6 6. N1c3 a6 7. Na3 Nf6 8. Bg5 b5 9. Bxf6 gxf6 10. Nd5 f5 11. c3 Bg7 12. exf5 Bxf5 13. Nc2 0-0 14. Nce3 Be6 15. Bd3 f5 16. 0-0 Rb8 17. Qh5 e4 18. Bc2 Ne7 19. Bb3 Nxd5 20. Bxd5 Bxd5 21. Nxd5 Qd7 22. Rad1 Kh8 23. Rfe1 Rbe8 24. g3 Re6 25. Qe2 Be5 26. f4 exf3 27. Qxf3 Qg7 28. Kh1 Rh6 29. Rd3 a5 30. a3 Qb7 31. Rf1 Qg7 32. Kg2 Rg6 33. Rd2 Qh6 34. Rdf2 Qg5 35. Qd3 f4 36. Kh1 Qg4 37. Nxf4 Rgf6 38. Qe4 b4 39. axb4 axb4 40. cxb4 Rb8 41. Ra1 Qf5 42. Qe2 Qc8 43. Qe4 Qf5 44. Qg2 Rxb4 45. Qa8+ Kg7 46. Raf1 Bxf4 47. Rxf4 Rxf4 48. gxf4 d5 49. Qa7+ Kh6 50. Qe3 Qe4+ 51. Qxe4 dxe4 52. b4 Kg6 53. Kg2 Kf5 54. Kf2 Rb6 55. Rb1 Kxf4 56. b5 Ke5 57. Ke3 Kd5 58. Rb2 Kc5 59. Kxe4 Rxb5 60. Rf2 Kc6 61. h3 Rb3 62. Rh2 Kd7 63. Kf5 Ke7 64. Kg5 Rb6 65. Rf2 Rg6+ 66. Kh5 Rg8 67. h4 Rg6 68. Rf5 Rf6 69. Rxf6 Kxf6 70. Kh6 Kf7 71. Kxh7 Kf8 72. Kg6 Kg8 73. h5 Kh8 74. h6 Kg8 75. h7+ Kh8 76. Kh6 1/2-1/2